<The> CFA franc zone and the EMU
Saved in:
| Main Author: | |
|---|---|
| Other Authors: | |
| Format: | Book |
| Language: | English |
| Published: |
Washington
International Monetary Fund
1997
|
| Series: | IMF Working paper
WP/97/156 |
| Subjects: | |
| Tags: |
No Tags, Be the first to tag this record!
|
MARC
| LEADER | 00000nam a2200000 4500 | ||
|---|---|---|---|
| 001 | c100716 | ||
| 005 | 20221124073141.3 | ||
| 041 | 0 | |a eng | |
| 044 | |a US | ||
| 245 | 1 | 0 | |a <The> CFA franc zone and the EMU |c Prepared by Michael T. Hadjimichael and Michel Galy |
| 264 | 1 | |a Washington |b International Monetary Fund |c 1997 | |
| 300 | |a 38 s. | ||
| 490 | 1 | |a IMF Working paper |v WP/97/156 | |
| 830 | 0 | |a IMF Working paper |v WP/97/156 | |
| 610 | 2 | 0 | |a únie menové |
| 610 | 2 | 0 | |a Európska menová únia |
| 610 | 2 | 0 | |a mena |
| 610 | 2 | 0 | |a jednotky peňažné |
| 610 | 2 | 0 | |a frank |
| 610 | 2 | 0 | |a politika menová |
| 610 | 2 | 0 | |a politika peňažná |
| 610 | 2 | 0 | |a kurz devízový |
| 610 | 2 | 0 | |a kurz výmenný |
| 610 | 2 | 0 | |a euro |
| 610 | 2 | 0 | |a integrácia |
| 610 | 2 | 0 | |a zóny |
| 610 | 2 | 0 | |a peniaze |
| 100 | 1 | |a Hadjimichael, Michael T. | |
| 700 | 1 | |a Galy, Michel | |